Ideals, varieties, and algorithms : an introduction to computational algebraic geometry and commutative algebra

Saved in:
Bibliographic Details
Main Author: Cox, David A.
Other Authors: Little, John B., O'Shea, Donal
Format: Book
Language:English
Published: New York : Springer-Verlag, c1992
Series:Undergraduate texts in mathematics
Subjects:
Tags: Add Tag
No Tags, Be the first to tag this record!

MARC

LEADER 00000cam a2200000 i 4500
001 1/32519
008 941103s1992 eng d
020 |a 038797847X 
020 |a 354097847X 
035 |l 10039119 
035 |a 1993 
040 |a GR-MY-UA  |b gre  |e aacr 
041 0 |a eng 
082 0 |a 516.35  |2 (20) 
100 1 |a Cox, David A. 
245 1 0 |a Ideals, varieties, and algorithms :  |b an introduction to computational algebraic geometry and commutative algebra /  |c David Cox, John Little, Donal O'Shea 
260 |a New York :   |b Springer-Verlag,   |c c1992 
300 |a xi, 513 p.;  |b ill.;  |c 25 cm 
490 1 |a Undergraduate texts in mathematics 
504 |a Includes bibliographical references (p. [499]-501) and index 
650 0 0 |a Geometry, Algebraic  |x Data processing. 
650 0 0 |a Commutative algebra  |x Data processing. 
700 1 |a Little, John B. 
700 1 |a O'Shea, Donal. 
830 0 |a Undergraduate texts in mathematics 
852 |a INST  |b SAMOS  |e 19941103  |h 516.35 COX  |p 005300003591  |q 005300043083  |t BK  |y 0 
852 |a INST  |b SAMOS  |e 19941103  |h 516.35 COX  |p 005300006795  |q 005300006795  |t BK  |y 0 
909 |a Σ  |b 029505 
909 |a Σ  |b 033335